| 000 | 00000nam##2200000za#4500 |
| 001 | 9.606117 |
| 003 | CaOODSP |
| 005 | 20250806095210 |
| 007 | cr ||||||||||| |
| 008 | 150406|2011||||xxc|||||o f|0| 0 fre|d |
| 040 | |aCaOODSP|bfre |
| 043 | |an-cn--- |
| 086 | 1 |aCS82-625/2011001-2F-PDF |
| 245 | 00|aNiveaux d'activité physique des adultes au Canada, 2007 à 2009 |h[ressource électronique] |
| 260 | |aOttawa - Ontario : |bStatistique Canada |cSeptembre 2011. |
| 300 | |a6p.|bgraphiques |
| 490 | 1 |aFeuillets d'information de la santé |
| 590 | |a13-22-Supp|b2013-09-26 |
| 710 | 2 |aStatistique Canada. |
| 775 | 08|tPhysical activity levels of Canadian adults, 2007 to 2009 |w(CaOODSP)9.577513 |
| 830 | #0|aFeuillets d'information de la santé (Statistique Canada)|w(CaOODSP)9.503915 |
| 856 | 40|ahttp://publications.gc.ca|qPDF|s117 Ko|uhttps://publications.gc.ca/collections/collection_2013/statcan/82-625-x/82-625-2011001-2-fra.pdf |